| Tag |
First Indicator |
Second Indicator |
Subfields |
| LEADER |
00000cam a2200000 4500 |
| 001 |
in00000037979 |
| 005 |
20151007080742.0 |
| 008 |
800424s1952 txua 00000 eng |
| 010 |
|
|
|a 52033961
|
| 035 |
|
|
|a (OCoLC)06240068
|
| 035 |
|
|
|9 AAF5317AM
|
| 040 |
|
|
|a DLC
|c TXA
|d UtOrBLW
|
| 049 |
|
|
|a TXAM
|c [235355]
|
| 050 |
|
0 |
|a BX8333.F35
|b D5
|
| 082 |
0 |
|
|a 234
|
| 092 |
|
|
|a 234
|b F295d
|
| 100 |
1 |
|
|a Fee, Zephyrus Roy,
|d 1890-
|
| 245 |
1 |
4 |
|a The divine plan of man's salvation.
|
| 264 |
|
1 |
|a Dallas :
|b Wilkinson Pub. Co.,
|c [1952]
|
| 300 |
|
|
|a 104 pages :
|b illustrations ;
|c 18 cm.
|
| 336 |
|
|
|a text
|b txt
|2 rdacontent
|
| 337 |
|
|
|a unmediated
|b n
|2 rdamedia
|
| 338 |
|
|
|a volume
|b nc
|2 rdacarrier
|
| 650 |
2 |
0 |
|a Methodist Church
|v Sermons.
|
| 650 |
|
0 |
|a Sermons, American.
|
| 999 |
|
|
|a MARS
|
| 999 |
f |
f |
|s e13b419f-990a-31c2-b1d0-a0f03c09f4bc
|i 66694e14-2328-30ec-b0be-ce3899373bcb
|t 0
|
| 952 |
f |
f |
|p ric
|a Texas A&M University
|b Rellis Campus
|c Joint Library Facility
|d Remote Storage
|t 0
|e BX8333.F35 D5
|h Library of Congress classification
|i unmediated -- volume
|m A14800608693
|
| 998 |
f |
f |
|a BX8333.F35 D5
|t 0
|l Remote Storage
|